000 00774nam a2200229 a 4500
999 _c10796
_d10796
001 10796
003 BD-JhCC
005 20190406125448.0
008 190406s 2012bg |||| |||| 000 0 ben d
020 _a9847763992
035 _a(BD-JhCC)10796
040 _aBD-JhCC
_dBD-JhCC
041 _aben
082 _a891.443
_bLAG 2012
100 _aলাগের্কভিস্ট, পার
245 _aবারাব্বাস /
_cপার লাগের্কভিস্ট, অনুবাদক বুলবুল সরওয়ার
260 _aঢাকা :
_bঐতিহ্য,
_c২০১২.
300 _a১১২ পৃ. :
_c১৯ সেমি.
650 _aNovel
700 _aসরওয়ার, বুলবুল
942 _2ddc
_cBK